Udržateľné mestá bakalárska práca

Enregistré dans:
Détails bibliographiques
Auteur principal: Žitníková, Denisa
Collectivité auteur: Národohospodárska fakulta EU. Katedra verejnej správy a regionálneho rozvoja
Autres auteurs: Rafaj, Oliver, 1989-
Format: Livre
Langue:slovaque
Publié: Bratislava 2023
Tags: Ajouter un tag
Pas de tags, Soyez le premier à ajouter un tag!

MARC

LEADER 00000nbm a2200000 4500
001 0294599
005 20231206145850.0
041 0 |a slo 
044 |a SK 
245 1 0 |a Udržateľné mestá  |b bakalárska práca  |c Denisa Žitníková ; školiteľ: Oliver Rafaj 
264 1 |a Bratislava  |c 2023 
300 |a 49 s. 
100 1 |a Žitníková, Denisa 
700 1 |a Rafaj, Oliver, 1989- 
710 2 |a Národohospodárska fakulta EU. Katedra verejnej správy a regionálneho rozvoja